000 00576nam a22001937a 4500
005 20170223171549.0
010 _aB-158688
020 _c695.00
035 _aB-158688
037 _bDPL
082 _22005
_a370.954
100 _aRao V.K
245 _aManagement Of Education /
_cV.K.Rao
260 _aNew Delhi
_bA.P.H.Publishing Corporation
_c2005
270 _a 5,Ansari Road,Darya Ganj
_bNew Delhi
_e110002
_k23274050
_maph@mantraonline.com
300 _a257pages
_bPictures
_c25cm(With Binding )
500 _aIndex
942 _2ddc
_cEN
_h370.954
_mRao
999 _c137828
_d137828